Escenarios de la inclusión : la diversidad desde algunos ámbitos profesionales /

Bibliographic Details
Other Authors: Vélez Calvo, Ximena (Editor), Dávila Pontón, Yolanda (Editor), Célleri Gomezcoello, Ambar (Editor)
Format: Electronic eBook
Language:Spanish
Published: Cuenca, Ecuador : Universidad del Azuay, Casa Editora, [2022]
Series:Homo (Universidad del Azuay, Casa Editora)
Subjects:
Online Access:Digitalia Hispánica

MARC

LEADER 00000nam a2200000 i 4500
001 DIGUAZUAY0164
003 NyNyDIG
007 cr |||||||||||
008 251212s2022 ec a ob 000 0 spa d
006 m o d
035 |a (OCoLC)1438856984 
040 |a DGITA  |b eng  |e rda  |e pn  |c DGITA 
020 |a 9789942847591  |q eBook 
020 |z 9789942847584 
043 |a s-ec--- 
050 1 4 |a HM683 ebook 
245 0 0 |a Escenarios de la inclusión :  |b la diversidad desde algunos ámbitos profesionales /  |c coordinadoras, Ximena Vélez Calvo, Yolanda Dávila Pontón, Ambar Célleri Gomezcoello. 
264 1 |a Cuenca, Ecuador :  |b Universidad del Azuay, Casa Editora,  |c [2022] 
300 |a 1 online resource :  |b illustrations. 
336 |a text  |b txt  |2 rdacontent 
337 |a computer  |b c  |2 rdamedia 
338 |a online resource  |b cr  |2 rdacarrier 
347 |a text file  |2 rdaft 
347 |b PDF 
490 1 |a Homo 
504 |a Includes bibliographical references. 
588 0 |a Online resource; title from PDF title page (Digitalia, viewed December 12, 2025) 
650 0 |a Social integration  |z Ecuador. 
650 0 |a Inclusive education  |z Ecuador. 
650 0 |a Diversity in the workplace  |z Ecuador. 
700 1 |a Vélez Calvo, Ximena,  |e editor. 
700 1 |a Dávila Pontón, Yolanda,  |e editor. 
700 1 |a Célleri Gomezcoello, Ambar,  |e editor. 
791 2 |a Digitalia (Firm),  |e distributor. 
793 0 |g Digitalia eBook Collection:  |a Universidad del Azuay 
776 0 8 |i Print version:  |t Escenarios de la inclusión.  |d Cuenca, Ecuador : Universidad del Azuay, Casa Editora, [2022]  |z 9789942847584 
830 0 |a Homo (Universidad del Azuay, Casa Editora) 
856 4 0 |3 Digitalia Hispánica  |u https://www.digitaliapublishing.com/a/133549/ 
910 |a Premium collection: 2025